MARC

LEADER 00000nam0a2200000 4500
001 175438
005 20231031165103.0
020 |a RU  |b 83-30314 
035 |a (RuTPU)RU\TPU\book\190224 
090 |a 175438 
100 |a 20100213d1983 m a0rusy5003 ca 
101 0 |a rus 
102 |a RU 
105 |a a z 001zy 
200 1 |a Речной сток в океан и черты его геохимии  |f В. В. Гордеев 
210 |a Москва  |c Наука  |d 1983 
215 |a 160 с.  |c ил.  |d 21 см 
610 1 |a океаны 
610 1 |a речной сток 
610 1 |a геохимия 
610 1 |a химический состав 
610 1 |a химические процессы 
610 1 |a микроэлементы 
610 1 |a органические вещества 
610 1 |a роль 
675 |a 551.482.4  |z rus 
700 1 |a Гордеев  |b В. В.  |g Вячеслав Владимирович  |4 070 
801 0 |a RU  |b RuMRKP  |c 19950704  |g psbo 
801 1 |a RU  |b 63413507  |c 20100213 
801 2 |a RU  |b 63413507  |c 20101028  |g RCR 
942 |c BK